| Tag |
First Indicator |
Second Indicator |
Subfields |
| LEADER |
00000cam a2200000 4500 |
| 001 |
in00000057143 |
| 005 |
20151008051444.0 |
| 008 |
721129s1922 nyu b 00000 eng u |
| 010 |
|
|
|a 22002430
|
| 035 |
|
|
|a (OCoLC)00503041
|
| 035 |
|
|
|9 AAG8008AM
|
| 040 |
|
|
|c WSU
|d TXA
|d UtOrBLW
|
| 049 |
|
|
|a TXAM
|c [18810]
|
| 050 |
|
0 |
|a JX1407
|b .H5 1922
|
| 092 |
|
|
|a 341.2
|b H64L
|
| 100 |
1 |
|
|a Hill, Charles E.
|q (Charles Edward),
|d 1881-1936.
|
| 245 |
1 |
0 |
|a Leading American treaties /
|c by Charles E. Hill ...
|
| 264 |
|
1 |
|a New York :
|b The Macmillan company,
|c 1922.
|
| 300 |
|
|
|a 399 pages
|
| 336 |
|
|
|a text
|b txt
|2 rdacontent
|
| 337 |
|
|
|a unmediated
|b n
|2 rdamedia
|
| 338 |
|
|
|a volume
|b nc
|2 rdacarrier
|
| 504 |
|
|
|a Bibliography at the end of each chapter.
|
| 651 |
|
0 |
|a United States
|x Foreign relations
|v Treaties.
|
| 651 |
|
0 |
|a United States
|x History.
|
| 999 |
|
|
|a MARS
|
| 999 |
f |
f |
|s caebd517-d912-3b9f-a778-0f1f6858bb4a
|i a769bef4-100a-35e2-9ed1-04ada9153928
|t 0
|
| 952 |
f |
f |
|p ric
|a Texas A&M University
|b Rellis Campus
|c Joint Library Facility
|d Remote Storage
|t 0
|e JX1407 .H5 1922
|h Library of Congress classification
|i unmediated -- volume
|m A14800783736
|
| 998 |
f |
f |
|a JX1407 .H5 1922
|t 0
|l Remote Storage
|